| 000 | 00889nam a2200277 i 4500 | ||
|---|---|---|---|
| 003 | DO-SdBNP | ||
| 005 | 20240412110139.0 | ||
| 007 | ta | ||
| 008 | 240412s2022 dr a 000 j spa d | ||
| 020 | _a9789945180312 | ||
| 040 |
_aDO-SdBNP _bspa _cBNPHU _erda |
||
| 082 |
_bS237 _222 |
||
| 100 |
_aSantos, Dulce Elvira de los _937867 _eautora |
||
| 245 | 1 | 4 |
_aLos derechos de Estrellita / _cDulce Elvira de los Santos : ilustraciones Hnery Cid |
| 264 | 1 |
_aSanto Domingo : _bOIT, _c2022. |
|
| 300 |
_a24 páginas _bIlustraciones _c22 cm. |
||
| 336 |
_2rdacontent _atexto _btxt |
||
| 337 |
_2rdamedia _asin mediación _bn |
||
| 338 |
_2rdacarrier _avolumen _bnc |
||
| 521 | _aNivel primario | ||
| 590 | _aInventariado, 2024/ YL | ||
| 700 | 1 |
_aCid, Henry _eilustraciones _985203 |
|
| 710 |
_aOrganización Internacional del Trabajo (OIT) _945128 |
||
| 910 | _aYLockward | ||
| 942 |
_2ddc _cLF2 |
||
| 999 |
_c56368 _d56368 |
||